| 000 | 02167nam0a2200385 4500 | ||
|---|---|---|---|
| 001 | RU\NLR\bibl\1706251 | ||
| 005 | 20260407204323.0 | ||
| 010 |
_a978-5-209-03859-7 _9100 |
||
| 021 |
_aRU _b2010-84615 _95652 |
||
| 035 | _a(nilc)RSL-KNO-004802132 | ||
| 035 | _a(NLR Aleph) 001697301 | ||
| 090 |
_a1198180 _c1198180 |
||
| 100 | _a20101101d2010 |||y0rusy50 ca | ||
| 101 | 0 | _arus | |
| 102 | _aRU | ||
| 105 | _ay zzzz||||| | ||
| 200 | 1 |
_aРоль мотива совершения преступления в решении вопросов уголовной ответственности _eматериалы Всероссийской научной конференции, посвященной памяти Заслуженного деятеля науки Республики Татарстан проф. Б. С. Волкова, 16 февраля 2010 г. |
|
| 210 |
_aМосква _cРоссийский ун-т дружбы народов _d2010 |
||
| 215 |
_a158 с. _d21 |
||
| 300 | _aВ надзаг.: Российский ун-т дружбы народов, Юридический фак., Каф. уголовного права и процесса | ||
| 300 | _aНа обл.: РУДН - 50 лет | ||
| 320 | _aБиблиогр. в конце ст. | ||
| 606 | 1 |
_aМотив преступления _jСъезды, совещания и т.п. _92073156 _3RU\NLR\auth\661248033 |
|
| 606 | 1 |
_aПреступления _jСъезды, совещания и т.п. _xУголовная ответственность _yРоссийская Федерация _92126530 _3RU\NLR\auth\661283504 |
|
| 610 | 0 | _aмотив преступления | |
| 686 |
_aХ628.1я431(2) _2rubbk |
||
| 686 | _aХ628.101.2я431 | ||
| 686 | _aХ628.11-2я431 | ||
| 712 | 0 | 2 |
_4570 _aРоссийский университет дружбы народов _bКафедра уголовного права и процесса _3RU\NLR\AUTH\8810136386 _9768517 |
| 801 | 0 |
_aRU _bРГБ _c20101101 _grcr |
|
| 801 | 1 |
_aRU _bРГБ _c20101101 |
|
| 801 | 2 |
_aRU _bNLR _c20101126 _grcr |
|
| 942 | _cBOOK | ||
| 980 | _aNB | ||